Tilastot visalle Eurooppa satelliittikuvien mukaan

Klikkaa tästä pelataksesi tätä visaa!

Yleistilastot

  • Tätä visaa on pelattu 644 kertaa
  • Keskiarvotulos 9 / 16

Vastaustilastot

Vastaus% Oikein
Tanska
95%
Portugali
88%
Colosseum
84%
Alankomaat
76%
Kroatia
70%
Viro
69%
Sisilia
68%
Venetsia
62%
Kreeta
58%
{Adrian}meri
54%
Amsterdam
39%
{Biskajan}lahti
34%
Pietari
30%
Tonava
30%
Bretagne
22%
Isle of Wight
14%

Tulosjakauma

Persentiili vastausten määrän mukaan

Jokaisen tuloksen saaneiden osuus

Tuloshistoriasi

Et ole pelannut tätä visaa